00479nam a2200169 i 450000100060000000300090000600500170001500700030003200800410003524500380007626000300011430000440014449000390018871000120022783000390023985200310027892795ES-MaACL20230906181048.0t|050328s1949 fr ||||1| eng d00aList of International Agreements. aParis : bUnesco, c1949. a33-155 p. : b1 gráf. pleg ; c24 cm.1 aCopyright Bulletin. n. 4 ; vv. II2 aUnesco.0 aCopyright Bulletin. n. 4 ; vv. II aES-MaACLjE-3451 bR.31596